Tale of two cities (Record no. 82616)

MARC details
000 -LEADER
fixed length control field 00913cam a22001935a 4500
001 - CONTROL NUMBER
control field L150721
008 - FIXED-LENGTH DATA ELEMENTS--GENERAL INFORMATION
fixed length control field 100823e20100821xxk 000 0 eng d
035 ## - SYSTEM CONTROL NUMBER
System control number (Sirsi) u150721
041 0# - LANGUAGE CODE
Language code of text/sound track or separate title eng
245 00 - TITLE STATEMENT
Title Tale of two cities
260 ## - PUBLICATION, DISTRIBUTION, ETC.
Date of publication, distribution, etc. 2010
490 ## - SERIES STATEMENT
Series statement Estates Gazette
Volume/sequential designation (1033) 21 August 2010, 62-64(3)
520 ## - SUMMARY, ETC.
Summary, etc. Research conducted by the Oxford Brookes University Oxford Institute for Sustainable Development and Okasa University Japan based on an extensive review of literature and policy in UK and Japan on urban regeneration. Based on the experiences of Manchester and Osaka in Japan. Identifies key factors such as strong markets, see the positive side of recession, having a good long term vision, importance of a strong brand, partnership and good infrastructure.
590 ## - LOCAL NOTE (RLIN)
Local note KA
651 #4 - SUBJECT ADDED ENTRY--GEOGRAPHIC NAME
Geographic name United Kingdom
Chronological subdivision
651 #4 - SUBJECT ADDED ENTRY--GEOGRAPHIC NAME
Geographic name Japan
690 ## - LOCAL SUBJECT ADDED ENTRY--TOPICAL TERM (OCLC, RLIN)
Topical term or geographic name as entry element PROPERTY-PROPERTY DEVELOPMENT
942 ## - ADDED ENTRY ELEMENTS (KOHA)
Suppress in OPAC 0
Holdings
Withdrawn status Lost status Source of classification or shelving scheme Damaged status Not for loan Home library Current library Shelving location Date acquired Total Checkouts Full call number Barcode Date last seen Copy number Price effective from Koha item type
    Dewey Decimal Classification     London London Journal article 23/08/2010   L150721 150721-1001 06/08/2019 1 06/08/2019 Journal article